10 Największych miast w Bułgarii - Statystyki

Ogólne statystyki
  • Ten quiz został rozwiązany 47 razy
  • Średni wynik to 5 z 10
Statystyki odpowiedzi
Ludność Odpowiedź % Poprawnych
1 242 568 Sofia
100%
336 216 Warna
84%
347 851 Płowdiw
65%
201 779 Burgas
62%
134 726 Stara Zagora
49%
141 231 Ruse
35%
84 985 Sliwen
19%
82 240 Dobricz
14%
95 086 Plewen
14%
75 442 Szumen
14%
Nie znaleziono quizów pasujących do podanych kryteriów
Rozkład punktacji
Procent ludzi z każdym wynikiem
Percentyl według liczby udzielonych odpowiedzi
Twoja historia wyników
Nie rozwiązałeś tego quizu